Album - MAYHEM - Lady Gaga - Statistiques

Statistiques générales
  • Ce quiz a été pris 40 fois
  • Le résultat moyen est 13 sur 17
Statistiques - réponses
Hint Réponse % Correct
2 Abracadabra
100%
1 Disease
97%
3 Garden Of Eden
94%
8 Zombieboy
94%
17 Die With A Smile
90%
4 Perfect Celebrity
90%
14 Shadow Of A Man
90%
10 LoveDrug
87%
6 Vanish Into You
87%
16 Blade Of Grass
77%
11 How Bad Do U Want Me
77%
12 Don't Call Tonight
74%
15 The Beast
74%
13 Kill For Love
71%
9 The Dead Dance
68%
5 Can't Stop The High
55%
7 Killah (feat. Gesaffelestein)
3%
Aucun quiz correspondant
Distribution des résultats
% des personnes avec chaque résultat
Percentile par nombre de réponses
Votre historique - résultats
Vous n’avez pas pris ce quiz